000 00450nam a2200193Ia 4500
005 20250425160756.0
008 250425s9999 xx 000 0 und d
041 _aeng
082 _a545.822
100 _aRAKOVIC, MILOSLAV
245 0 _aACTIVATION ANALYSIS
250 _a1TH ED.
260 _aCLEVELAND
260 _aEstados Unidos
_bCRC PRESS
_c1970
300 _a339
650 _aANALISIS DE ACTIVACION
942 _c01
010 _a4954
999 _c195899
_d195899